000 00587nam a2200205 i 4500
001 60918
003 ES-MaACL
005 20250825045638.0
007 t|
008 031107s1970 sp a |||| | spa d
080 _a629.735.7
110 2 _aEridani A.E.C. (Madrid)
_9174608
245 1 0 _aEstudio de la oleada 1968-69.
260 _aMadrid :
_b[s.n.,
_c1970] (
_fRamiro Blanco)
300 _av. :
_bil. ;
_c32 cm.
594 _aEridani A.E.C.: Eridani Agrupación de Estudios Cosmológicos
650 7 _aOvnis
_2embne
_915781
852 4 _aES-MaACL
_jP-1436
999 _c60918
_d60918